<?xml version="1.0" encoding="UTF-8"?>
<collection xmlns="http://www.loc.gov/MARC21/slim">
  <record>
    <leader>00000nam  2200000   4500</leader>
    <controlfield tag="001">INLIS000000000017198</controlfield>
    <controlfield tag="005">20240620035314</controlfield>
    <datafield tag="035" ind1="#" ind2="#">
      <subfield code="a">0010-0624000101</subfield>
    </datafield>
    <controlfield tag="007">ta</controlfield>
    <controlfield tag="008">240620################|##########|#|##</controlfield>
    <datafield tag="084" ind1="#" ind2="#">
      <subfield code="a">R 054 PIM I 2023</subfield>
    </datafield>
    <datafield tag="100" ind1=" " ind2="#">
      <subfield code="a">Triono Junoasmono</subfield>
    </datafield>
    <datafield tag="245" ind1="1" ind2="#">
      <subfield code="a">Percepatan Transformasi Digital pada Sistem Pembayaran Tol Melalui Implementasi Sistem Multi-Lane Free Flow (MLFF) /</subfield>
      <subfield code="c">Triono Junoasmono</subfield>
    </datafield>
    <datafield tag="260" ind1="#" ind2="#">
      <subfield code="a">Jakarta :</subfield>
      <subfield code="b">Pusbangkom Pimnas dan Manajerial ASN,</subfield>
      <subfield code="c">2023</subfield>
    </datafield>
    <datafield tag="300" ind1="#" ind2="#">
      <subfield code="a">150 halaman ;</subfield>
      <subfield code="c">30 cm</subfield>
    </datafield>
    <datafield tag="650" ind1="#" ind2="4">
      <subfield code="a">Transformasi Digital</subfield>
    </datafield>
    <datafield tag="520" ind1="#" ind2="#">
      <subfield code="a">Penyelenggaraan jalan tol meliputi kegiatan perencanaan, pelaksanaan, pengorpasian dan pemeliharaan, namun dalam hal ini difokuskan pada penyelenggaraan pengorperasian dan pemeliharaan. Inovasi yang dihasilkan dalam rangka upaya untuk meningkatkan pelayanan di jalan tol dengan memangkas antrian di gerbang tol sehingga waktu tempuh di jalan tol menjadi lebih singkat dan lebih jauh dapat memberikan dampak pada menurunnya biaya logistik dan meningkatkan daya saing Indonesia di dunia global.</subfield>
    </datafield>
    <datafield tag="856" ind1="#" ind2="#">
      <subfield code="a">Perpustakaan LAN Pusat</subfield>
    </datafield>
    <datafield tag="990" ind1="#" ind2="#">
      <subfield code="a">24.06.054</subfield>
    </datafield>
  </record>
</collection>
